The three R's of investing : return, risk and relativity

Bibliographic Details
Main Author: Donnelly, Austin
Format: Book
Published: Sydney , Allen & Unwin , 1985
Subjects:

MARC

LEADER 00000cam a2200000 7i4500
001 0000009459
005 20161221.0
020 |a 0043321321 
040 |a INS 
090 0 0 |a HG4521   |b D64 1985 
100 1 |a Donnelly, Austin 
245 1 4 |a The three R's of investing :   |b return, risk and relativity   |c Austin Donnelly 
260 |a Sydney ,   |c Allen & Unwin ,   |c 1985 
300 |a 280p ;   |c 22cm. 
650 0 0 |a Investments 
650 0 0 |a Investments analysis 
999 |a 0000022312   |b BOOK   |c Open Shelf   |e Default branch